00589nam a2200145Ia 4500008004100000245021200041260001700253260000900270300000800279650002300287650001200310856002900322999001900351952007300370170516s9999 xx 000 0 und d aConcomitant Retrograde Coronary Venous Infusion of Basic Fibroblast Growth Factor Enhances Engraftment and Differentiation of Bone Marrow Mesenchymal Stem Cells for Cardiac Repair after Myocardial Infarction bTheranostics c2015 a5:9 xMedical Technology xMedtech uhttp://www.thno.org/v5i9 c330130d330130 001040aCLbCLd2017-05-16l0r2017-05-16 00:00:00w2017-05-16yFOJ